Ex oriente lux (Запись № 13671271)

Подробности
000 -МАРКЕР
контрольное поле 02432nam0a2200409 4500
001 - ИДЕНТИФИКАТОР ЗАПИСИ
контрольное поле RU\NLR\BIBL_A\022503911
005 - ИДЕНТИФИКАТОР ВЕРСИИ
контрольное поле 20260420041949.0
010 ## - МЕЖДУНАРОДНЫЙ СТАНДАРТНЫЙ НОМЕР КНИГИ (ISBN)
Номер (ISBN) 978-5-6053218-5-9
Тираж 500
021 ## - НОМЕР ГОСУДАРСТВЕННОЙ РЕГИСТРАЦИИ
Код страны Российская Федерация
Номер КН-П-25-004050
Номер Листа государственной регистраци КН-П-25-0390
035 ## - ДРУГИЕ СИСТЕМНЫЕ НОМЕРА
Идентификатор записи (NLR Aleph) 022503911
100 ## - ДАННЫЕ ОБЩЕЙ ОБРАБОТКИ
Данные общей обработки 20250327d2024 k y0rusy50 ca
101 0# - ЯЗЫК РЕСУРСА
Язык текста, звукозаписи и т.д. русский
-- английский
102 ## - СТРАНА ПУБЛИКАЦИИ ИЛИ ПРОИЗВОДСТВА
Страна публикации Российская Федерация
105 ## - ПОЛЕ КОДИРОВАННЫХ ДАННЫХ: ТЕКСТОВЫЕ МАТЕРИАЛЫ, МОНОГРАФИЧЕСКИЕ
Кодированные данные о монографическом текстовом документе y z 100zy
181 #0 - ПОЛЕ КОДИРОВАННЫХ ДАННЫХ: ВИД СОДЕРЖАНИЯ
Код вида содержания (ISBD) i4
Код характеристики содержания (ISBD) axxe
182 #0 - ПОЛЕ КОДИРОВАННЫХ ДАННЫХ: ТИП СРЕДСТВА
Код типа средства (ISBD) n - непосредственное
200 1# - ЗАГЛАВИЕ И СВЕДЕНИЯ ОБ ОТВЕТСТВЕННОСТИ
Основное заглавие Ex oriente lux
Сведения, относящиеся к заглавию восьмая Международная студенческая конференция востоковедов и африканистов, Санкт-Петербург, 22-23 ноября 2024
-- материалы конференции
Первые сведения об ответственности Санкт-Петербургский государственный университет
Последующие сведения об ответственности ответственный редактор: канд. филол. наук А. В. Челнокова
203 ## - ВИД СОДЕРЖАНИЯ И ТИП СРЕДСТВА
Вид содержания Текст
Дополнительные сведения об издании визуальный
Тип средства непосредственный
210 ## - ПУБЛИКАЦИЯ, РАСПРОСТРАНЕНИЕ И ДР.
Место издания, распространения и т.д. Санкт-Петербург
Имя издателя, распространителя и т. д. Райт Принт Юг
Дата издания, распространения и т.д. 2024
215 ## - ФИЗИЧЕСКАЯ ХАРАКТЕРИСТИКА
Специфическое обозначение материала и объем 179 с.
Размеры 21
300 ## - ОБЩИЕ ПРИМЕЧАНИЯ
Текст примечания Текст ст. на рус. и англ. яз.
606 1# - НАИМЕНОВАНИЕ ТЕМЫ КАК ПРЕДМЕТ
Наименование темы Восточная филология
Формальный подзаголовок Съезды, совещания и т.п
Системный номер авторитетной/нормативной записи 1194803
Идентификатор авторитетной/нормативной записи RU\NLR\AUTH\66164878
606 1# - НАИМЕНОВАНИЕ ТЕМЫ КАК ПРЕДМЕТ
Наименование темы Африканская филология
Формальный подзаголовок Съезды, совещания и т.п
Системный номер авторитетной/нормативной записи 1057317
Идентификатор авторитетной/нормативной записи RU\NLR\AUTH\6691397
606 1# - НАИМЕНОВАНИЕ ТЕМЫ КАК ПРЕДМЕТ
Наименование темы Востоковедение
Формальный подзаголовок Съезды, совещания и т.п
Системный номер авторитетной/нормативной записи 1001606
Идентификатор авторитетной/нормативной записи RU\NLR\AUTH\6662213
606 1# - НАИМЕНОВАНИЕ ТЕМЫ КАК ПРЕДМЕТ
Наименование темы Африканистика
Формальный подзаголовок Съезды, совещания и т.п
Системный номер авторитетной/нормативной записи 1057011
Идентификатор авторитетной/нормативной записи RU\NLR\AUTH\6691224
686 1# - ИНДЕКСЫ ДРУГИХ КЛАССИФИКАЦИЙ
Индекс Ш050я431
686 1# - ИНДЕКСЫ ДРУГИХ КЛАССИФИКАЦИЙ
Индекс Ш076я431
686 1# - ИНДЕКСЫ ДРУГИХ КЛАССИФИКАЦИЙ
Индекс Т3(5)я431
702 #1 - ИМЯ ЛИЦА - ВТОРИЧНАЯ ОТВЕТСТВЕННОСТЬ
Код отношения Редактор
Графика поля Кириллица
Материалы, к которым относится поле rus
Начальный элемент ввода Челнокова
Часть имени, кроме начального элемента ввода А. В.
Расширение инициалов личного имени Анна Витальевна
Системный номер авторитетной/нормативной записи 195144
Идентификатор авторитетной/нормативной записи RU\NLR\AUTH\770195195
711 12 - НАИМЕНОВАНИЕ ОРГАНИЗАЦИИ - АЛЬТЕРНАТИВНАЯ ОТВЕТСТВЕННОСТЬ
Начальный элемент ввода Международная студенческая конференция востоковедов и африканистов
Порядковый номер временной организации и / или порядковый номер ее части 8
Место проведения временной организации Санкт-Петербург
Дата проведения временной организации 2024
Системный номер авторитетной/нормативной записи 2658336
Идентификатор авторитетной/нормативной записи RU\NLR\AUTH\880625968
712 02 - НАИМЕНОВАНИЕ ОРГАНИЗАЦИИ - ВТОРИЧНАЯ ОТВЕТСТВЕННОСТЬ
Код отношения Организатор конференции
Начальный элемент ввода Санкт-Петербургский государственный университет
Системный номер авторитетной/нормативной записи 585805
Идентификатор авторитетной/нормативной записи RU\NLR\AUTH\8810043151
942 ## - ДОПОЛНИТЕЛЬНЫЕ ЭЛЕМЕНТЫ ЗАПИСИ (АБИС)
Тип экземпляра АБИС Книга
980 ## - КОЛЛЕКЦИЯ
Название коллекции Национальная библиография

Нет доступных экземпляров.